| 000 | 00725nam a2200205Ia 4500 | ||
|---|---|---|---|
| 003 | GCL | ||
| 005 | 20240530104518.0 | ||
| 008 | 140319s9999 xx 000 0 ara d | ||
| 040 |
_aGCL / _cGCL |
||
| 082 | 0 | 4 |
_a415.1 _bم ك |
| 100 | 1 | _aرمضان عبدالتواب | |
| 245 | 1 | 0 |
_aكتاب المذكر والمؤنث / _cرمضان عبدالتواب |
| 300 | _a150 ص | ||
| 490 |
_aسلسلة روائع التراث اللغوى _v0 |
||
| 650 | 0 | 4 | _aالنحو |
| 650 | 0 | 4 | _aاللغة العربية |
| 700 | 1 | _aصلاح الدين الهادى | |
| 700 | 1 | _aالمبرد: ابوالعباس محمد بن يزيد بن عبدالاكبر بن عمير بن حسان الثالى الازدى | |
| 942 |
_2ddc _cBK |
||
| 999 |
_c48242 _d48242 |
||